| 000 | 00538nam a22002057a 4500 | ||
|---|---|---|---|
| 003 | OSt | ||
| 005 | 20140310182832.0 | ||
| 008 | 130603t xxu||||| |||| 00| 0 eng d | ||
| 020 | _a9789715064224 | ||
| 050 |
_aPC4721 _b.G643 2007 |
||
| 082 |
_aM 468.2421 _bG643 2007 |
||
| 245 |
_aHola, Amigos! Nivel I _cGonzalez, Josefina R. |
||
| 260 |
_aManila, Philippines _bUST Publishing House _c2007 |
||
| 300 | _a75 p. | ||
| 521 | _acollege students | ||
| 526 | _c1210L-1700L | ||
| 541 | _j1 | ||
| 562 | _e1 | ||
| 942 |
_2lcc _cBK _kM |
||
| 999 |
_c16658 _d16658 |
||